[Event "Samara Elo 03"]
[Site "Samara"]
[Date "2009.03.??"]
[Round "5"]
[White "Strokov, Anatoli"]
[Black "Kryukov, Viktor Vas"]
[Result "1-0"]
[WhiteElo "2166"]
[BlackElo "1938"]
[PlyCount "24"]
[EventDate "2009.03.??"]
[EventType "tourn"]
[EventRounds "11"]
[EventCountry "RUS"]
[SourceTitle "EXT 2012"]
[Source "ChessBase"]
[SourceDate "2011.11.24"]
[SourceVersion "1"]
[SourceVersionDate "2011.11.24"]
[SourceQuality "1"]

1. e4 d6 2. d4 Nf6 3. f3 g6 4. Be3 Bg7 5. c4 c6 6. Nc3 0-0 7. Qd2 e5 8. Nge2 Nbd7 9. Rd1 Qc7 10. Bh6 Re8 11. Bxg7 Kxg7 12. Ng3 Nf8 1-0